000
00233 a2200097 4500
001
44523
100
_a
Nayya
245
_a
Economic Relations: Social Countries and 3rd World
260
_a
London
_b
Macmillan
_c
090
_c
28244
_d
28244
942
_a
NUST-CAE
_c
M
_c
20274
999
_c
279596
_d
279596